000 00734nam a22002177a 4500
003 OSt
005 20251024022144.0
008 251021b |||||||| |||| 00| 0 eng d
020 _a0-415-19934-4.
040 _aDWCL-Main lib
_cOC
082 _aCirc. 930.1028 H496s 2000
100 _aHenderson, Julian
245 _aThe science and archeology of materials :
_ban investigation of inorganic materials
260 _aLondon :
_bRoutledge,
_cc2000.
300 _axvi, 334 pages :
_billustration ;
_c24 cm.
504 _aIncludes bibliographical references and index.
650 _21. Archeological chemistry-Methodology.
650 _22. Archeology-Methodology.
650 _23. Inorganic compound.
942 _2ddc
_cBK-CIRC
_kCirc.
_n0
999 _c4970
_d4970